Safest Countries by GPI - 61 to 80 - Statistics

General Stats
  • This quiz has been taken 12 times
  • The average score is 7 of 20
Answer Stats
Rank Country % Correct
80 China
67%
61 Bosnia and Herzegovina
56%
64 Cyprus
56%
69 Paraguay
56%
78 Bolivia
44%
67 France
44%
76 Kazakhstan
44%
79 Nepal
44%
68 Panama
44%
75 United Arab Emirates
44%
66 Armenia
33%
77 Jamaica
33%
65 Serbia
33%
70 Trinidad and Tobago
33%
73 Cambodia
22%
62 Jordan
22%
63 Zambia
22%
71 Kosovo
11%
72 Liberia
11%
74 Malawi
11%
No matching quizzes found
Score Distribution
Percent of People with Each Score
Percentile by Number Answered
Your Score History
You have not taken this quiz